Kỹ thuật trồng và tạo dáng cây cảnh
Sách cung cấp những yếu tố cơ bản của việc tròng và tạo dáng cây cảnh. Nội dung sách chia làm 7 chương: nghệ thuật chơi cây cảnh, một số loại cây cảnh, đất chất dinh dưỡng, các dụng cụ Bonsai, kỹ thuật trồng cây cảnh, cạch tạo dáng cây cả...
Saved in:
| Format: | Book |
|---|---|
| Language: | Undetermined |
| Published: |
Thành phố Hồ Chí Minh
Trẻ
2007
|
| Subjects: | |
| Tags: |
Add Tag
No Tags, Be the first to tag this record!
|
| Institutions: | Trung tâm Học liệu Trường Đại học Cần Thơ |
|---|
| LEADER | 00972nam a2200193Ia 4500 | ||
|---|---|---|---|
| 001 | CTU_136733 | ||
| 008 | 210402s9999 xx 000 0 und d | ||
| 020 | |c 36000 | ||
| 082 | |a 635.9 | ||
| 082 | |b K600 | ||
| 245 | 0 | |a Kỹ thuật trồng và tạo dáng cây cảnh | |
| 245 | 0 | |c Biên soạn Vương Trung Hiếu | |
| 260 | |a Thành phố Hồ Chí Minh | ||
| 260 | |b Trẻ | ||
| 260 | |c 2007 | ||
| 520 | |a Sách cung cấp những yếu tố cơ bản của việc tròng và tạo dáng cây cảnh. Nội dung sách chia làm 7 chương: nghệ thuật chơi cây cảnh, một số loại cây cảnh, đất chất dinh dưỡng, các dụng cụ Bonsai, kỹ thuật trồng cây cảnh, cạch tạo dáng cây cảnh, thế kiếng xưa và Bonsai | ||
| 650 | |a Plants, ornamental,Cây, làm cảnh | ||
| 904 | |i Huỳnh Mai | ||
| 980 | |a Trung tâm Học liệu Trường Đại học Cần Thơ | ||